000 00621nam a2200229Ia 4500
003 OSt
005 20220926033912.0
006 a|||||r|||| 00| 0
007 ta
008 220923b |||||||| |||| 00| 0 eng d
020 _a0860785122
037 _cGeneral Book
040 _aRTL
_cRTL
_beng
041 _2eng
_aeng
082 _aW:77.5.M, N6
100 _aManning Patrick
_917224
245 0 _aSlave trades, 1500-1800
_bGlobalization of forced labour
260 _aVariorum
_c1996
300 _axxiv, 361p
_ccm.
942 _hW:77.5.M, N6
_cGB
_2CC
999 _c658232
_d658232